Questions aléatoires de géographie - 2 - Statistiques

Statistiques générales
  • Ce quiz a été pris 108 fois
  • Le résultat moyen est 9 sur 15
Statistiques - réponses
Indices Réponses % Correct
Quelle région historique française est fameuse pour ses quiches ? la Lorraine
92%
Quel est le seul département français commençant par la lettre 'J' ? le Jura
83%
Dans quel pays se trouve le temple d'Angkor Vat ? le Cambodge
77%
Quelle île du Pacifique est connue pour ses moais ? l île de Pâques
74%
Quel fleuve traverse la ville de Nevers ? la Loire
69%
Quel désert tire son nom du "territoire semi-aride" en langue mongol ? le désert de Gobi
69%
Quel fleuve africain traverse Kinshasa ? le Congo
64%
Quelle est la ville d'Amérique du Sud la plus peuplée ? Sao Paulo
64%
De quel pays est originaire le goulash ? la Hongrie
63%
De quel pays vient Elon Musk ? l Afrique du Sud
62%
Quel golfe de l'Océan indien borde la Birmanie ? le golfe du Bengale
46%
Quelles falaises anglaises célèbres font face au Pas-de-Calais ? les falaises de Douvres
38%
Quelle construction est présente sur les armoiries de Paris ? un bateau
26%
Quelle est la langue officielle des Philippines, autre que l'anglais ? le tagalog
21%
Quel est le point culminant des rocheuses ? le mont Elbert
2%
Aucun quiz correspondant
Distribution des résultats
% des personnes avec chaque résultat
Percentile par nombre de réponses
Votre historique - résultats
Vous n’avez pas pris ce quiz